[Event "Rowy Seniors op 7th"]
[Site "Rowy"]
[Date "2003.09.05"]
[Round "6"]
[White "Spychalska, Bozena"]
[Black "Hoc, Tadeusz"]
[Result "0-1"]
[WhiteElo "1600"]
[BlackElo "1800"]
[PlyCount "94"]
[EventDate "2003.08.??"]
[EventType "swiss"]
[EventRounds "9"]
[EventCountry "POL"]
[SourceTitle "EXT 2006"]
[Source "ChessBase"]
[SourceDate "2005.11.24"]
[SourceVersion "1"]
[SourceVersionDate "2005.11.24"]
[SourceQuality "1"]

1. e4 c5 2. d4 cxd4 3. c3 d5 4. exd5 Qxd5 5. cxd4 e6 6. Nc3 Bb4 7. Nf3 Nc6 8. Be3 Nf6 9. Bd3 0-0 10. 0-0 Bxc3 11. bxc3 h6 12. Re1 b6 13. c4 Qh5 14. Be2 Qa5 15. Bd2 Qa3 16. Qb1 Qd6 17. Be3 Qc7 18. Rd1 Rd8 19. Qb2 Qe7 20. a3 Ba6 21. Ne5 Nxe5 22. dxe5 Ne8 23. Bd4 Rdc8 24. Rac1 Rab8 25. a4 Bb7 26. Qd2 Qh4 27. Qe3 Ba6 28. f4 g6 29. Qg3 Qe7 30. h4 Ng7 31. h5 Nf5 32. Qg4 Kh7 33. hxg6+ fxg6 34. Bf2 Rd8 35. Qh3 Rxd1+ 36. Rxd1 Rd8 37. Re1 Rd2 38. g4 Nd4 39. Bxd4 Rxd4 40. g5 h5 41. Qh4 Qf7 42. Rf1 Bxc4 43. Bxh5 gxh5 44. Rf2 Rd1+ 45. Kg2 Bd5+ 46. Rf3 Rd3 47. Qg3 Rxf3 0-1